| 000 | 00423nam a22001817a 4500 | ||
|---|---|---|---|
| 005 | 20230522182925.0 | ||
| 008 | 230522b |||||||| |||| 00| 0 eng d | ||
| 020 | _a9788126540464 | ||
| 082 | _a670 | ||
| 100 | _aBlack:J.T | ||
| 245 | _aDEGARMOS MATERIALS AND PROCESSES IN MANUFACTURING | ||
| 250 | _a11th | ||
| 260 |
_aIndia _bWiley |
||
| 300 | _a1004 | ||
| 650 | _aengineering | ||
| 700 | _aJ.T BLACK | ||
| 999 |
_c18390 _d18390 |
||